1636 1569 1362 1240 1334 1127 1349 1223 1701 1345 1419 1559 1705 1668 1900 1655 1061 1620 1602 1069 1379 1783 1878 1766 1740 1865 1890 1123 1188 1261 1514 1623 1139 1999 1102 1677 1264 1209 1466 1721 1085 1365 1008 1571 1280 1284 1748 1369 1149 1629 1436 1733 1766 1842 1917 1438 1147 1978 1292 1353 1380 1366 1544 1015 1103 1945 1951 1239 1619 1949 1644 1537 1189 1948 1062 1054 1938 1570 1156 1174 1230 1800 1796 1897 1119 1950 1231 1555 1001 1904 1804 1507 1379 1223 1663 1796 1516 1073 1633 BCNSPRNW ULIB Ver.6.0+V

เปลี่ยนเป็นภาษาไทย

Change to English
 แสดงรายละเอียดบรรณานุกรม
  กลับหน้าหลัก

Brief Record : Get Marc (ISO 2709) : E-mail record : QR code < ปิดหน้าต่าง
LEADER : 00000nam 2200000uu 4500
001    13399113603
003     ULIB
008    111128s2550||||th 000 0 tha d
020    ^a9789748075846
090    ^aนว.^bง281อ 2550
100 0  รินจันทร์
245 00 ลำนำหัวใจ/^cรินจันทร์
250    ^aพิมพ์ครั้งที่ 1
260    ^aกรุงเทพฯ :^bลีลา,^c2550
300    ^a328 หน้า
710 1  ลีลา
945    ^p210^l0^i15318
995    ทศพร
999    ^aใช้งานได้ทุกระบบ
รายการนี้ยังไม่มีแท็ก
คุณยังไม่ได้ล็อกอิน คุณสามารถมีกิจกรรมร่วมกับเว็บไซต์ได้ แต่ต้องล็อกอินก่อน ::
  ล็อกอิน

รายการสื่อสารสนเทศ

ลำดับที่ ประเภท เลขเรียก/บาร์โค้ด สถานที่ สถานะ
1. นวนิยาย
นวนิยาย
นว. ง281อ 2550 ฉ.1 
  Barcode: 15318
ห้องสมุดวิทยาเขตสวรรค์ประชารักษ์
►นวนิยาย
บนชั้น
  ขอยืม

BibComment


ยังไม่เคยถูกคอมเมนท์

คอมเมนท์ทรัพยากรรายการนี้
  คอมเมนท์: ลำนำหัวใจ รินจันทร์


 Copyright 2026. Bcnsprnw @Library